000 00535nam a2200193Ia 4500
008 101110s9999 xx 000 0 und d
041 _aENGLISH
082 _bSR13419
_a627.81
100 _aSemat H. and Albright J.R.
245 _aIntro. to Atomic & Nuclear Physcis ( 5th ed.)
365 _b185.85
520 _aPhysics
546 _aENGLISH
630 _aIntro. to Atomic & Nuclear Physcis ( 5th ed.)
650 _aPhysics
655 _aPhysics
730 _aIntro. to Atomic & Nuclear Physcis ( 5th ed.)
942 _cBOOK
999 _c807645
_d807642